Normal view
MARC view
- RIZVI, S. HAIDER ABBAS BRIG
Entry Personal Name
001 - CONTROL NUMBER
- control field: 74814
003 - CONTROL NUMBER IDENTIFIER
- control field: NUST
005 - DATE AND TIME OF LATEST TRANSACTION
- control field: 20210628205308.0
008 - FIXED-LENGTH DATA ELEMENTS
- fixed length control field: 210628|| aca||aabn | a|a d
040 ## - CATALOGING SOURCE
- Original cataloging agency: NUST
- Transcribing agency: NUST
100 ## - HEADING--PERSONAL NAME
- Personal name: RIZVI, S. HAIDER ABBAS BRIG
670 ## - SOURCE DATA FOUND
- Source citation: Work cat.: (NUST): RIZVI, S. HAIDER ABBAS BRIG, VETERAN CAMPAIGNERS A HISTORY OF THE PUNJAB REGIMENT 1759-1981, 1984
